Harry Potter: All Seven Books? Quiz Stats

 Plays Quiz not verified by Sporcle

Score 0/20 Timer 05:00
0 Plays Today
Character Yes or No % Correct
Harry Potter???
99.6%
Minerva McGonagall???
94.8%
Albus Dumbledore???
91.8%
Bellatrix Lestrange???
91.6%
Ginny Weasley???
88.6%
Sirius Black???
88.4%
Cho Chang???
83.5%
Peeves???
79.1%
Arthur Weasley???
78.5%
Nearly Headless Nick???
77.7%
Character Yes or No % Correct
Cornelius Fudge???
77.3%
Lucius Malfoy???
73.1%
Voldemort???
69.9%
Percy Weasley???
65.9%
Professor Binns???
63.5%
Lavender Brown???
61.4%
Katie Bell???
61.4%
Pansy Parkinson???
54.6%
Peter Pettigrew???
37.8%
Lee Jordan???
30.7%

You're not logged in!

Compare scores with friends on all Sporcle quizzes.
OR
Log In

Show Comments

Extras

Top Quizzes Today


Score Distribution

Your Account Isn't Verified!

In order to create a playlist on Sporcle, you need to verify the email address you used during registration. Go to your Sporcle Settings to finish the process.

Report this User

Report this user for behavior that violates our Community Guidelines.

Details: